000 00439cam a22001337a 4500
008 180718b1997 xxu||||| |||| 00| 0 eng d
082 _aA81x54 91/5/PT2B/1
100 _aCensus of India 1991
245 _aBihar: primary census abstract, general population
260 _aNew Delhi
_bThe Controller of Publications
_c1997
300 _a471+p.
440 _aCensus of India 1991. Series-5, Bihar. Part II-B (i)
650 _aBihar - Population
999 _c489195
_d489195